000 00394nam a2200145Ia 4500
005 20250729165734.0
008 250729s2013 xx 000 0 und d
041 _aeng
082 _a900.7 NARK
100 _aDr.A V Narasimha Murthy
_9231811
245 _aKarnataka : A Garden of Architecture
260 _aMysore
_bArchiology and Museum
_c2013
300 _a223p
650 _aGeography
_9231812
999 _c239468
_d239468